Inštitúcie Európskej únie

Európska únia a medzinárodné organizácie. Právna regulácia rozvojovej spolupráce. Vzťah EÚ a Medzinárodnej organizácie práce. Preambula ZEÚ. Rada Európy. Kongres miestnych a regionálnych samospráv. Suverenita a združovanie suverenity členských štátov. Sekundárne pramene práva. Prístup k dokumentom ú...

ver descrição completa

Na minha lista:
Detalhes bibliográficos
Autor principal: Tkáč, Vojtech
Formato: Capítulo de Livro
Idioma:eslovaco
Assuntos:
Tags: Adicionar Tag
Sem tags, seja o primeiro a adicionar uma tag!

MARC

LEADER 00000naa$a2200000$$$4500
001 0091095
005 20231120113337.4
041 0 |a slo 
044 |a SK 
245 1 0 |a Inštitúcie Európskej únie  |c Vojtech Tkáč 
520 |a Európska únia a medzinárodné organizácie. Právna regulácia rozvojovej spolupráce. Vzťah EÚ a Medzinárodnej organizácie práce. Preambula ZEÚ. Rada Európy. Kongres miestnych a regionálnych samospráv. Suverenita a združovanie suverenity členských štátov. Sekundárne pramene práva. Prístup k dokumentom únie. Systém EURLEX. Charta základných práv Európskej únie. Občianstvo EÚ a jej inštitúcie. 
610 2 0 |a inštitúcia 
610 2 0 |a organizácie medzinárodné 
610 2 0 |a Rada Európy 
610 2 0 |a dokumenty 
610 2 0 |a charta 
610 2 0 |a Európska únia 
100 1 |a Tkáč, Vojtech